Mecánica de los Fluidos e Hidráulica
| Main Author: | |
|---|---|
| Format: | Section = Libro |
| Language: | Undetermined Spanish |
| Published: |
México
McGraw-Hill
1991
|
| Subjects: |
| LEADER | 00567nam a2200205Ia 4500 | ||
|---|---|---|---|
| 008 | 241007s9999||||xx |||||||||||||| ||und|| | ||
| 020 | |a 968-422-936-74 | ||
| 040 | |a BIBLIOTECA-RURC/ 620.106 G472 | ||
| 041 | |a spa | ||
| 082 | |a 620.106 G472 | ||
| 100 | 1 | |a Giles, Ronald V | |
| 245 | 1 | 0 | |a Mecánica de los Fluidos e Hidráulica |
| 260 | |a México |b McGraw-Hill |c 1991 | ||
| 300 | |a 267 p. :il. | ||
| 650 | 7 | |a PROPIEDADES DE LOS FLUIDOS | |
| 650 | 7 | |b FUERZAS HIDROSTATICAS | |
| 650 | 7 | |c FUNDAMENTOS DEL FLUJO DE FLUIDOS. | |
| 942 | |c BK |2 ddc | ||
| 991 | |a TEXTO | ||
| 999 | |c 14437 | ||